000 00359nam a2200133Ia 4500
008 230724s2007 xx und d
020 _a1552977218
041 _aeng
082 _a932.012
100 _aJACKSON K.& STAMP J.
245 _aBUULDING THE GREAT PYRAMID ,PYRAMIDS-EGYPT CIVILIZATION
260 _bFIVE STANS CENTRE PRIZES
_c2007
300 _a191
999 _c1173986
_d1173986